000 00455nam a2200181Ia 4500
008 240925s9999 xx 000 0 und d
020 _a9781118625163
082 _a658.827 MOO
100 _aMootee, Idris
245 0 _a60 Minute Brand Strategist
250 _aNA
260 _aNew Delhi:
_bJohn Wiley and Sons
_c,2013.
300 _a425p.
_bNA
_fOriginal
500 _aIncludes Index
600 _aManagement
650 _aManagement
942 _cBK
999 _c15051
_d15051